An original man: the life and times of Elijah Muhammad
| Main Author: | |
|---|---|
| Format: | Print Book |
| Language: | English |
| Subito Delivery Service: | Order now. |
| Check availability: | HBZ Gateway |
| WorldCat: | WorldCat |
| Interlibrary Loan: | Interlibrary Loan for the Fachinformationsdienste (Specialized Information Services in Germany) |
| Published: |
New York
St. Martin's
1998
|
| In: | Year: 1998 |
| Standardized Subjects / Keyword chains: | B
Elijah Muhammad 1897-1975
|
| Further subjects: | B
Muhammad
Elijah
B Black Muslims Biography B Biography |
MARC
| LEADER | 00000cam a2200000 c 4500 | ||
|---|---|---|---|
| 001 | 238240800 | ||
| 003 | DE-627 | ||
| 005 | 20251222210351.0 | ||
| 007 | tu | ||
| 008 | 971227s1998 xxu||||| 00| ||eng c | ||
| 016 | 7 | |a 0312181531 |2 UK | |
| 020 | |a 0312181531 |9 0-312-18153-1 | ||
| 035 | |a (DE-627)238240800 | ||
| 035 | |a (DE-576)267401140 | ||
| 035 | |a (DE-599)GBV238240800 | ||
| 035 | |a (OCoLC)833247131 | ||
| 040 | |a DE-627 |b ger |c DE-627 |e rakwb | ||
| 041 | |a eng | ||
| 044 | |c XD-US | ||
| 082 | 0 | |a 297.87092 | |
| 100 | 1 | |0 (DE-588)1236040961 |0 (DE-627)1761283030 |4 aut |a Clegg, Claude Andrew |d 1968- | |
| 109 | |a Clegg, Claude Andrew 1968- |a Clegg, Claude 1968- |a Clegg, Claude A. 1968- | ||
| 191 | |a 1 | ||
| 245 | 1 | 3 | |a An original man |b the life and times of Elijah Muhammad |c Claude Andrew Clegg |
| 264 | 1 | |a New York |b St. Martin's |c 1998 | |
| 300 | |a XVI, 377 S |b ill., maps |c 24cm | ||
| 336 | |a Text |b txt |2 rdacontent | ||
| 337 | |a ohne Hilfsmittel zu benutzen |b n |2 rdamedia | ||
| 338 | |a Band |b nc |2 rdacarrier | ||
| 500 | |a Originally published: 1997 | ||
| 583 | 1 | |a Archivierung prüfen |c 20200919 |f DE-640 |z 1 |2 pdager | |
| 583 | 1 | |a Archivierung prüfen |c 20240324 |f DE-4165 |z 1 |2 pdager | |
| 583 | 1 | |a Archivierung/Langzeitarchivierung gewährleistet |c 20240722 |f NI-LastCopies |x XA-DE-NI |z Potenzieller Alleinbesitz Niedersachsen |2 pdager |5 DE-89 | |
| 650 | 4 | |a Muhammad |x Elijah | |
| 650 | 4 | |a Black Muslims |x Biography | |
| 655 | 7 | |a Biografie |0 (DE-588)4006804-3 |0 (DE-627)104213493 |0 (DE-576)208867147 |2 gnd-content | |
| 689 | 0 | 0 | |d p |0 (DE-588)119516616 |0 (DE-627)080332536 |0 (DE-576)21284508X |2 gnd |a Elijah Muhammad |d 1897-1975 |
| 689 | 0 | |5 (DE-627) | |
| 935 | |a mteo | ||
| 935 | |i Blocktest | ||
| 951 | |a BO | ||
| ELC | |b 1 | ||
| ORI | |a SA-MARC-ixtheo_oa001.raw | ||
| REL | |a 1 | ||
| STA | 0 | 0 | |a Black Muslims |
| STB | 0 | 0 | |a Black Muslims |
| STC | 0 | 0 | |a Black Muslims |
| STD | 0 | 0 | |a Black Muslims |
| STG | 0 | 0 | |a Black Muslims |
| STH | 0 | 0 | |a Чёрные мусульмане |
| STI | 0 | 0 | |a Black Muslims,Μαύροι Μουσουλμάνοι |
| SUB | |a REL | ||
| SYE | 0 | 0 | |a Nation of Islam,The Lost-Found Nation of Islam,World Community of Islam in the West,American Muslims Mission |
| SYG | 0 | 0 | |a Poole, Elijah,1897-1975,Muhammad, Elijah,1897-1975,Elijah Muhammed,1897-1975,Karriem,1897-1975 |



